[Event "Juste pour jouer"]
[Site "Montreal CAN"]
[Date "2012.10.08"]
[Round "7"]
[White "Sonn, Eric"]
[Black "Utepova, Alika"]
[Result "1-0"]
[WhiteElo "1543"]
[BlackElo "1351"]
[PlyCount "103"]
[GameId "2160767909444951"]
[EventDate "2012.10.05"]
[EventType "swiss"]
[EventRounds "7"]
[EventCountry "CAN"]
[SourceTitle "EXT 2022"]
[Source "ChessBase"]
[SourceDate "2021.10.06"]
[SourceVersion "1"]
[SourceVersionDate "2021.10.06"]
[SourceQuality "1"]

1. c4 e5 2. Nc3 Nf6 3. Nf3 Nc6 4. g3 d5 5. cxd5 Nxd5 6. Qb3 Nb6 7. Bg2 Be6 8. Qd1 f6 9. d3 Qd7 10. Be3 Bh3 11. Bxh3 Qxh3 12. Qb3 O-O-O 13. O-O-O Nd4 14. Bxd4 exd4 15. Nb5 Kb8 16. Nbxd4 Bd6 17. Nb5 Bc5 18. d4 Be7 19. Rd3 Qf5 20. Re1 g5 21. e4 Qd7 22. d5 g4 23. Nfd4 a6 24. Nc3 h5 25. Ne6 Rde8 26. a4 h4 27. a5 Nc8 28. Na4 Nd6 29. Nac5 Qb5 30. Qxb5 Nxb5 31. b4 Bd6 32. Nd7+ Ka7 33. Nxf6 Re7 34. Nc5 b6 35. Nxg4 bxc5 36. e5 cxb4 37. f4 Bc5 38. e6 hxg3 39. hxg3 Nd6 40. Ne5 Ree8 41. g4 Nb7 42. Nc6+ Ka8 43. f5 Rhg8 44. Ne5 Be7 45. Rh3 Nxa5 46. Kb1 Bg5 47. Re4 b3 48. Ra4 Bd2 49. Rd3 Bf4 50. Ng6 Rxg6 51. fxg6 Nb7 52. Rxf4 1-0

[Event "Juste pour jouer"]
[Site "Montreal CAN"]
[Date "2012.10.08"]
[Round "7"]
[White "Tinica, Sabina"]
[Black "Ouellet, Maili-Jade"]
[Result "0-1"]
[WhiteElo "1099"]
[BlackElo "1351"]
[PlyCount "78"]
[GameId "2160767909444952"]
[EventDate "2012.10.05"]
[EventType "swiss"]
[EventRounds "7"]
[EventCountry "CAN"]
[SourceTitle "EXT 2022"]
[Source "ChessBase"]
[SourceDate "2021.10.06"]
[SourceVersion "1"]
[SourceVersionDate "2021.10.06"]
[SourceQuality "1"]

1. d4 d5 2. c4 e6 3. Nf3 Nf6 4. Bg5 Be7 5. Nc3 O-O 6. e3 Nbd7 7. cxd5 exd5 8. Bd3 b6 9. O-O Bb7 10. Qc2 h6 11. Bh4 Rc8 12. Rac1 c5 13. Rfe1 c4 14. Bf5 Bc6 15. Bxd7 Nxd7 16. Bxe7 Qxe7 17. a3 a5 18. Qf5 Nf6 19. Ne5 Bb7 20. Ne2 b5 21. h3 b4 22. a4 Ne4 23. f3 Nd2 24. Rc2 Nb3 25. Rb1 Qe8 26. Nd7 Qxe3+ 27. Kh1 Rfe8 28. Ne5 Rc7 29. Nf4 Nxd4 30. Qg4 Nxc2 31. Nh5 Qxe5 32. f4 Qd4 33. Kh2 Re1 34. Rxe1 Nxe1 35. Qe2 Nd3 36. Qe8+ Kh7 37. Qd8 Qc5 38. Qh4 d4 39. Qg3 Qxh5 0-1

[Event "Juste pour jouer"]
[Site "Montreal CAN"]
[Date "2012.10.08"]
[Round "7"]
[White "Yip, Mattew"]
[Black "Spaulding, Derrick"]
[Result "1/2-1/2"]
[WhiteElo "1250"]
[BlackElo "1396"]
[PlyCount "74"]
[GameId "2160767909444953"]
[EventDate "2012.10.05"]
[EventType "swiss"]
[EventRounds "7"]
[EventCountry "CAN"]
[SourceTitle "EXT 2022"]
[Source "ChessBase"]
[SourceDate "2021.10.06"]
[SourceVersion "1"]
[SourceVersionDate "2021.10.06"]
[SourceQuality "1"]

1. d4 Nf6 2. c4 e6 3. Nc3 c6 4. Nf3 Bb4 5. e4 Nxe4 6. Qb3 Bxc3+ 7. bxc3 O-O 8. Bd3 d5 9. Qc2 f5 10. O-O Nd7 11. Bf4 Ndf6 12. Ne5 dxc4 13. Nxc4 Nd5 14. Bxe4 fxe4 15. Bg3 b5 16. Ne5 Qb6 17. Rab1 e3 18. c4 exf2+ 19. Bxf2 Nf6 20. d5 Qc7 21. Nxc6 exd5 22. cxb5 Ng4 23. Bg3 Qb6+ 24. Kh1 Rxf1+ 25. Rxf1 Bd7 26. Rb1 Re8 27. h3 Nf6 28. Bf2 Qb7 29. Nxa7 Ne4 30. Bd4 Bf5 31. Qd1 Ng3+ 32. Kh2 Bxb1 33. Qxb1 Ne2 34. Bf2 Qf7 35. Bc5 Qc7+ 36. Kh1 Qxc5 37. Nc6 Qf2 1/2-1/2

[Event "Juste pour jouer"]
[Site "Montreal CAN"]
[Date "2012.10.08"]
[Round "7"]
[White "Zhang, Hou Han"]
[Black "Johnson-Constantin, Mathieu"]
[Result "1-0"]
[WhiteElo "1355"]
[BlackElo "1464"]
[PlyCount "55"]
[GameId "2160767909444954"]
[EventDate "2012.10.05"]
[EventType "swiss"]
[EventRounds "7"]
[EventCountry "CAN"]
[SourceTitle "EXT 2022"]
[Source "ChessBase"]
[SourceDate "2021.10.06"]
[SourceVersion "1"]
[SourceVersionDate "2021.10.06"]
[SourceQuality "1"]

1. e4 e5 2. Nf3 Nc6 3. d4 exd4 4. Nxd4 Bc5 5. Nxc6 bxc6 6. Nc3 Bb7 7. Bc4 Ne7 8. O-O O-O 9. a3 d5 10. Bd3 d4 11. Ne2 Ng6 12. f4 Be7 13. Bd2 c5 14. Ng3 Re8 15. Qg4 Bc8 16. Qf3 Rb8 17. b3 Rb6 18. Rae1 Bd6 19. e5 Be7 20. f5 Nh4 21. Qh5 g6 22. Qd1 Bg5 23. f6 Bxd2 24. Qxd2 Kh8 25. Qh6 Rg8 26. Qxh4 Ba6 27. Bxa6 Rxa6 28. Ne4 1-0

[Event "Juste pour jouer"]
[Site "Montreal CAN"]
[Date "2012.10.08"]
[Round "7.17"]
[White "Lacroix, Serge"]
[Black "Lalumiere, Claude"]
[Result "1/2-1/2"]
[WhiteElo "1784"]
[BlackElo "1788"]
[PlyCount "37"]
[GameId "2160767909444955"]
[EventDate "2012.10.05"]
[EventType "swiss"]
[EventRounds "7"]
[EventCountry "CAN"]
[SourceTitle "EXT 2022"]
[Source "ChessBase"]
[SourceDate "2021.10.06"]
[SourceVersion "1"]
[SourceVersionDate "2021.10.06"]
[SourceQuality "1"]

1. e4 c5 2. Nf3 Nc6 3. d4 cxd4 4. Nxd4 Nf6 5. Nc3 g6 6. Bc4 Bg7 7. Be3 Qa5 8. Nxc6 dxc6 9. f3 Nxe4 10. Bxf7+ Kxf7 11. fxe4 Bxc3+ 12. bxc3 Qxc3+ 13. Bd2 Qd4 14. Qf3+ Qf6 15. O-O Qxf3 16. Rxf3+ Ke8 17. Raf1 Be6 18. Bc3 Rg8 19. a4 1/2-1/2

[Event "Juste pour jouer"]
[Site "Montreal CAN"]
[Date "2012.10.08"]
[Round "7.18"]
[White "Bergeron, Jean-Guy"]
[Black "Morin, Louis"]
[Result "0-1"]
[WhiteElo "1480"]
[BlackElo "1855"]
[PlyCount "96"]
[GameId "2160767909444956"]
[EventDate "2012.10.05"]
[EventType "swiss"]
[EventRounds "7"]
[EventCountry "CAN"]
[SourceTitle "EXT 2022"]
[Source "ChessBase"]
[SourceDate "2021.10.06"]
[SourceVersion "1"]
[SourceVersionDate "2021.10.06"]
[SourceQuality "1"]

1. c4 e5 2. g3 d5 3. cxd5 c6 4. dxc6 Nxc6 5. Bg2 Nf6 6. Nc3 Bc5 7. Nf3 O-O 8. a3 Qe7 9. b4 Bb6 10. O-O Rd8 11. Na4 e4 12. Nxb6 exf3 13. Bxf3 axb6 14. Bb2 Nd4 15. Re1 Nxf3+ 16. exf3 Be6 17. d4 Qd6 18. Re5 Qxe5 19. dxe5 Rxd1+ 20. Rxd1 Nd5 21. Kg2 b5 22. g4 Rd8 23. Kg3 Rd7 24. Rc1 Rc7 25. Rd1 Rd7 26. Rc1 Nb6 27. Rc3 Bc4 28. Re3 Na4 29. Ba1 Rd1 30. Bc3 Nb6 31. Re1 Rxe1 32. Bxe1 Kf8 33. f4 Ke7 34. f5 Bd5 35. h4 Nc4 36. Bc3 Nxa3 37. g5 g6 38. Kg4 Be4 39. fxg6 fxg6 40. f4 Ke6 41. h5 Bf5+ 42. Kh4 Kd5 43. hxg6 hxg6 44. Kg3 Nc2 45. Kf2 Kc4 46. Bd2 Kd3 47. Be1 Nxe1 48. Kxe1 Ke4 0-1

[Event "Juste pour jouer"]
[Site "Montreal CAN"]
[Date "2012.10.08"]
[Round "7.19"]
[White "Heredia, Jose"]
[Black "Turcotte, Jonathan"]
[Result "1/2-1/2"]
[WhiteElo "1508"]
[BlackElo "1907"]
[PlyCount "63"]
[GameId "2160767909444957"]
[EventDate "2012.10.05"]
[EventType "swiss"]
[EventRounds "7"]
[EventCountry "CAN"]
[SourceTitle "EXT 2022"]
[Source "ChessBase"]
[SourceDate "2021.10.06"]
[SourceVersion "1"]
[SourceVersionDate "2021.10.06"]
[SourceQuality "1"]

1. e4 c6 2. d4 d5 3. exd5 cxd5 4. Bd3 Nc6 5. c3 Qc7 6. Ne2 Bg4 7. f3 Bd7 8. Bf4 e5 9. Bg3 Bd6 10. Na3 a6 11. Nc2 Nf6 12. dxe5 Nxe5 13. Ncd4 O-O 14. O-O Nc4 15. Bxc4 dxc4 16. Bxd6 Qxd6 17. Ng3 Rad8 18. Qc2 Nd5 19. Ne4 Qg6 20. Nc5 Bc8 21. Qxg6 hxg6 22. Rfe1 b6 23. Ne4 Bb7 24. Nd2 b5 25. Ne4 Nf4 26. Nc5 Bc8 27. Re7 Rfe8 28. Rae1 Kf8 29. Rxe8+ Rxe8 30. Rxe8+ Kxe8 31. Nc6 Ne6 32. Ne4 1/2-1/2

[Event "Juste pour jouer"]
[Site "Montreal CAN"]
[Date "2012.10.08"]
[Round "7.20"]
[White "Wang, Kelly"]
[Black "Leung, Chin"]
[Result "1-0"]
[WhiteElo "1683"]
[BlackElo "1767"]
[PlyCount "48"]
[GameId "2160767909444958"]
[EventDate "2012.10.05"]
[EventType "swiss"]
[EventRounds "7"]
[EventCountry "CAN"]
[SourceTitle "EXT 2022"]
[Source "ChessBase"]
[SourceDate "2021.10.06"]
[SourceVersion "1"]
[SourceVersionDate "2021.10.06"]
[SourceQuality "1"]

1. e4 c5 2. Nf3 d6 3. d4 cxd4 4. Nxd4 Nf6 5. Nc3 g6 6. f3 Bg7 7. Be3 Nc6 8. Qd2 O-O 9. Bc4 Bd7 10. h4 Rb8 11. O-O-O Na5 12. Be2 a6 13. h5 b5 14. hxg6 fxg6 15. Bh6 Nc4 16. Qg5 Rf7 17. Bxg7 Rxg7 18. Nd5 Rf7 19. Nxf6+ exf6 20. Qg3 Qa5 21. Bxc4 bxc4 22. Qxd6 Rb4 23. Qd5 Qxa2 24. Qa8+ Kg7 1-0

[Event "Kitchener Fall Quick op"]
[Site "Kitchener CAN"]
[Date "2012.10.13"]
[Round "5"]
[White "Cormier, Adam"]
[Black "Li, Hongyi (Tony)"]
[Result "1-0"]
[WhiteElo "2051"]
[BlackElo "1906"]
[PlyCount "67"]
[GameId "2160767909411847"]
[EventDate "2012.10.13"]
[EventType "swiss (rapid)"]
[EventRounds "5"]
[EventCountry "CAN"]

1. d4 e6 2. c4 d5 3. g3 c5 4. cxd5 cxd4 5. Bg2 Qa5+ 6. Bd2 Qb6 7. Qc2 Na6 8. a3 Nf6 9. dxe6 Bxe6 10. Nf3 d3 11. exd3 Nc5 12. Nc3 Bb3 13. Qb1 Qe6+ 14. Be3 O-O-O 15. O-O Nxd3 16. Nd4 Qc4 17. Nxb3 Qxb3 18. Bxa7 h5 19. Rd1 Qc4 20. Bf1 Qa6 21. Be3 h4 22. Bxd3 Qc6 23. Bf5+ Nd7 24. Be4 Qe6 25. Nb5 hxg3 26. fxg3 Bc5 27. Bxc5 Rxh2 28. Kxh2 Rh8+ 29. Kg2 Qh3+ 30. Kf2 Qh2+ 31. Bg2 Rh6 32. Bd4 Rg6 33. Qc2+ Kd8 34. Qc7+ 1-0

[Event "Kitchener Fall Quick op"]
[Site "Kitchener CAN"]
[Date "2012.10.13"]
[Round "5"]
[White "Dougherty, Michael"]
[Black "Rubanovski, Vladimir"]
[Result "1-0"]
[WhiteElo "2293"]
[BlackElo "2054"]
[PlyCount "53"]
[GameId "2160767909411848"]
[EventDate "2012.10.13"]
[EventType "swiss (rapid)"]
[EventRounds "5"]
[EventCountry "CAN"]

1. d4 d5 2. c4 e6 3. Nc3 Nf6 4. Bg5 Nbd7 5. e3 c6 6. cxd5 exd5 7. Bd3 Be7 8. Qc2 O-O 9. Nge2 Re8 10. O-O Nf8 11. Ng3 g6 12. f3 Ne6 13. h4 Qd6 14. Qf2 Nxg5 15. hxg5 Nd7 16. f4 c5 17. Rad1 cxd4 18. exd4 Nb6 19. Rde1 Bg4 20. f5 Rf8 21. f6 Bd8 22. Re5 Be6 23. Qf4 Nd7 24. Qh4 h5 25. Re3 a6 26. Nxh5 Bc7 27. Nf4 1-0

[Event "Kitchener Fall Quick op"]
[Site "Kitchener CAN"]
[Date "2012.10.13"]
[Round "5"]
[White "Plotkin, Mark"]
[Black "Coren, Daniel"]
[Result "1-0"]
[WhiteElo "2058"]
[BlackElo "1801"]
[PlyCount "67"]
[GameId "2160767909411849"]
[EventDate "2012.10.13"]
[EventType "swiss (rapid)"]
[EventRounds "5"]
[EventCountry "CAN"]

1. e4 e6 2. d4 d5 3. Nc3 Nf6 4. Bg5 Be7 5. e5 Nfd7 6. h4 a6 7. Nce2 c5 8. c3 Nc6 9. Nf3 Qb6 10. Bxe7 Kxe7 11. Qd2 f6 12. O-O-O fxe5 13. dxe5 Qc7 14. Qg5+ Kf7 15. Qf4+ Ke7 16. Rh3 Rf8 17. Qg5+ Kf7 18. Rg3 g6 19. Qh6 Kg8 20. h5 Ndxe5 21. hxg6 hxg6 22. Nh4 Qh7 23. Qg5 Nf7 24. Qxg6+ Qxg6 25. Nxg6 Re8 26. Nef4 Nh6 27. Bd3 Kf7 28. Rh1 Kg7 29. Ne5+ Kf6 30. Nxc6 Nf5 31. Rg6+ Kf7 32. Rh7+ Kf8 33. Ne5 b5 34. Rf7# 1-0

[Event "Kitchener Fall Quick op"]
[Site "Kitchener CAN"]
[Date "2012.10.13"]
[Round "5"]
[White "Plotkin, Victor"]
[Black "Preotu, Razvan"]
[Result "0-1"]
[WhiteElo "2361"]
[BlackElo "2253"]
[PlyCount "70"]
[GameId "2160767909411850"]
[EventDate "2012.10.13"]
[EventType "swiss (rapid)"]
[EventRounds "5"]
[EventCountry "CAN"]

1. e4 c5 2. c3 d5 3. exd5 Qxd5 4. d4 Nc6 5. Nf3 Bg4 6. Be2 cxd4 7. cxd4 e6 8. O-O Nf6 9. Nc3 Qd6 10. h3 Bh5 11. Qb3 Qb4 12. Rd1 Qxb3 13. axb3 Nd5 14. Nxd5 exd5 15. g4 Bg6 16. Bb5 f6 17. Bf4 Kd7 18. Bxc6+ bxc6 19. Ra6 Bd6 20. Bxd6 Kxd6 21. Rc1 Rhc8 22. Rc3 Rc7 23. Nh4 Rb8 24. Kf1 Rb4 25. Nxg6 hxg6 26. Rd3 Rcb7 27. h4 R4b6 28. Ra5 Rb5 29. Ra6 R5b6 30. Ra1 a6 31. Ra3 Re7 32. Re3 Rxe3 33. fxe3 c5 34. Ke2 cxd4 35. exd4 f5 0-1

[Event "Kitchener Fall Quick op"]
[Site "Kitchener CAN"]
[Date "2012.10.13"]
[Round "5"]
[White "Raats, Daniel"]
[Black "Barron, Michael"]
[Result "1-0"]
[WhiteElo "2006"]
[BlackElo "2278"]
[PlyCount "63"]
[GameId "2160767909411851"]
[EventDate "2012.10.13"]
[EventType "swiss (rapid)"]
[EventRounds "5"]
[EventCountry "CAN"]

1. d4 f5 2. Bg5 d5 3. e3 Nd7 4. c4 c6 5. Nc3 Ngf6 6. Bd3 e6 7. cxd5 cxd5 8. Nf3 Be7 9. O-O O-O 10. Rc1 a6 11. Ne5 Nxe5 12. dxe5 Ng4 13. Bf4 g5 14. Bg3 Bd7 15. h3 Nh6 16. f4 Rc8 17. Ne2 Qb6 18. Nd4 Rxc1 19. Qxc1 Rc8 20. Qd2 gxf4 21. Bxf4 Nf7 22. g4 Ng5 23. gxf5 Nxh3+ 24. Kh2 Nxf4 25. Rxf4 exf5 26. Qg2+ Kh8 27. b3 Rg8 28. Qh3 Qg6 29. Nf3 Bg5 30. Nxg5 Qxg5 31. Rf1 f4 32. Qxh7# 1-0

[Event "Labour Day op"]
[Site "Toronto CAN"]
[Date "2012.09.01"]
[Round "1"]
[White "Hambleton, Aman"]
[Black "Loadman, Ian"]
[Result "1-0"]
[WhiteElo "2456"]
[BlackElo "2128"]
[PlyCount "79"]
[GameId "2160767909445403"]
[EventDate "2012.09.01"]
[EventType "swiss"]
[EventRounds "6"]
[EventCountry "CAN"]
[SourceTitle "EXT 2022"]
[Source "ChessBase"]
[SourceDate "2021.10.06"]
[SourceVersion "1"]
[SourceVersionDate "2021.10.06"]
[SourceQuality "1"]

1. d4 Nf6 2. c4 g6 3. Nc3 Bg7 4. e4 d6 5. f3 O-O 6. Be3 b6 7. Nge2 c5 8. Qd2 Nc6 9. O-O-O e5 10. dxe5 dxe5 11. Qxd8 Rxd8 12. Nd5 Nxd5 13. cxd5 Nd4 14. Nc3 Bd7 15. Ba6 Rab8 16. a4 h5 17. Kb1 Kh7 18. Bf2 Bf6 19. Nb5 Bxb5 20. Bxb5 Bg5 21. Bg3 f6 22. Bf2 Ra8 23. Ba6 Rab8 24. Rd3 Kg7 25. Rhd1 Kf7 26. g3 Ke7 27. Rf1 f5 28. exf5 gxf5 29. f4 exf4 30. gxf4 Bf6 31. Rh3 Rh8 32. Re1+ Kd6 33. Bc4 Rbg8 34. Bxd4 Bxd4 35. Re6+ Kc7 36. Bb5 Rg2 37. d6+ Kb8 38. Bc6 Rxb2+ 39. Kc1 Rc8 40. Rxh5 1-0

[Event "Labour Day op"]
[Site "Toronto CAN"]
[Date "2012.09.01"]
[Round "1"]
[White "Henry, Liam"]
[Black "Samsonkin, Artiom"]
[Result "0-1"]
[WhiteElo "2254"]
[BlackElo "2555"]
[PlyCount "66"]
[GameId "2160767909445404"]
[EventDate "2012.09.01"]
[EventType "swiss"]
[EventRounds "6"]
[EventCountry "CAN"]
[SourceTitle "EXT 2022"]
[Source "ChessBase"]
[SourceDate "2021.10.06"]
[SourceVersion "1"]
[SourceVersionDate "2021.10.06"]
[SourceQuality "1"]

1. e4 e6 2. d4 d5 3. Nc3 Bb4 4. e5 c5 5. a3 Bxc3+ 6. bxc3 Ne7 7. a4 Nbc6 8. Nf3 Qa5 9. Bd2 c4 10. Ng5 h6 11. Nh3 Bd7 12. Nf4 O-O-O 13. Nh5 Rhg8 14. g3 Rdf8 15. Ra3 Nf5 16. Bh3 f6 17. exf6 g6 18. Nf4 Rxf6 19. O-O g5 20. Nh5 Rff8 21. Re1 Qc7 22. Qe2 Qd6 23. Raa1 Nfxd4 24. cxd4 Nxd4 25. Qd1 Nf3+ 26. Kh1 e5 27. Bb4 Qxb4 28. Bxd7+ Kxd7 29. Qxd5+ Kc8 30. Qe6+ Kb8 31. Reb1 Qc5 32. Nf6 Ka8 33. Rxb7 Nd4 0-1

[Event "Labour Day op"]
[Site "Toronto CAN"]
[Date "2012.09.01"]
[Round "1"]
[White "Krnan, Tomas"]
[Black "Filipovich, David"]
[Result "1-0"]
[WhiteElo "2545"]
[BlackElo "2222"]
[PlyCount "47"]
[GameId "2160767909445405"]
[EventDate "2012.09.01"]
[EventType "swiss"]
[EventRounds "6"]
[EventCountry "CAN"]
[SourceTitle "EXT 2022"]
[Source "ChessBase"]
[SourceDate "2021.10.06"]
[SourceVersion "1"]
[SourceVersionDate "2021.10.06"]
[SourceQuality "1"]

1. e4 g6 2. d4 Bg7 3. Nc3 c6 4. Nf3 d5 5. h3 Nf6 6. Bd3 dxe4 7. Nxe4 Nxe4 8. Bxe4 Nd7 9. O-O O-O 10. Bf4 c5 11. Be5 Nxe5 12. dxe5 Qc7 13. Re1 Rb8 14. Qc1 b5 15. c3 Bb7 16. Qe3 f5 17. Bxb7 Rxb7 18. Rad1 Rc8 19. Rd2 e6 20. Red1 Bf8 21. h4 Qc6 22. Ng5 h6 23. Nh3 Be7 24. Qxh6 1-0

[Event "Labour Day op"]
[Site "Toronto CAN"]
[Date "2012.09.01"]
[Round "1"]
[White "Olheiser, Gordon"]
[Black "Sapozhnikov, Roman"]
[Result "0-1"]
[WhiteElo "2132"]
[BlackElo "2470"]
[PlyCount "92"]
[GameId "2160767909445406"]
[EventDate "2012.09.01"]
[EventType "swiss"]
[EventRounds "6"]
[EventCountry "CAN"]
[SourceTitle "EXT 2022"]
[Source "ChessBase"]
[SourceDate "2021.10.06"]
[SourceVersion "1"]
[SourceVersionDate "2021.10.06"]
[SourceQuality "1"]

1. Nf3 Nf6 2. c4 e6 3. g3 d5 4. Bg2 Be7 5. O-O O-O 6. b3 dxc4 7. bxc4 c5 8. d3 Nc6 9. Bb2 Qc7 10. Nc3 a6 11. Rb1 Rb8 12. Ba1 b6 13. e3 Rd8 14. Qe2 Bb7 15. a3 Ba8 16. Ne1 Ne8 17. f4 Nd6 18. g4 b5 19. cxb5 axb5 20. Ne4 c4 21. Qb2 Ne8 22. dxc4 bxc4 23. Qc2 Qa7 24. Rf3 Qxa3 25. Bb2 Qa6 26. Rh3 Nb4 27. Nc5 Nxc2 28. Nxa6 Nxe1 29. Nxb8 Bxg2 30. Rg3 Rxb8 31. Rxe1 Bd5 32. Be5 Rc8 33. Rc1 Ba3 34. Ra1 Bb4 35. Kf2 Bd2 36. Rgg1 c3 37. Ke2 f6 38. Bd4 Kf7 39. g5 f5 40. h4 g6 41. Ra7+ Rc7 42. Rga1 Bb7 43. Kd1 Nd6 44. Be5 Ke7 45. Kc2 Rd7 46. Bxc3 Bxc3 0-1

[Event "Labour Day op"]
[Site "Toronto CAN"]
[Date "2012.09.01"]
[Round "1"]
[White "Vavrak, Peter"]
[Black "Inigo, Aquino"]
[Result "1/2-1/2"]
[WhiteElo "2486"]
[BlackElo "2180"]
[PlyCount "108"]
[GameId "2160767909445407"]
[EventDate "2012.09.01"]
[EventType "swiss"]
[EventRounds "6"]
[EventCountry "CAN"]
[SourceTitle "EXT 2022"]
[Source "ChessBase"]
[SourceDate "2021.10.06"]
[SourceVersion "1"]
[SourceVersionDate "2021.10.06"]
[SourceQuality "1"]

1. d4 d5 2. c4 e6 3. Nc3 Nf6 4. cxd5 exd5 5. Bg5 Be7 6. e3 O-O 7. Bd3 c6 8. Qc2 Nbd7 9. Nge2 Re8 10. O-O Nf8 11. Rad1 h6 12. Bh4 Nh5 13. Bxe7 Qxe7 14. a3 Bg4 15. Rfe1 g6 16. Qd2 Qg5 17. Kh1 Bxe2 18. Rxe2 f5 19. g3 Qe7 20. f3 Nf6 21. e4 fxe4 22. fxe4 dxe4 23. Qxh6 Qf7 24. Bb1 Ng4 25. Qh3 Qf3+ 26. Kg1 e3 27. Qg2 Qxg2+ 28. Kxg2 Rad8 29. d5 cxd5 30. Rxd5 Rxd5 31. Nxd5 Rd8 32. Ba2 Kg7 33. Kf3 Ne5+ 34. Kg2 Nd3 35. Rxe3 Nc1 36. Re7+ Kh6 37. Nf6 Nxa2 38. Rxb7 g5 39. Rxa7 Rd2+ 40. Kh3 Rxb2 41. Rf7 Ne6 42. Ng4+ Kh5 43. Rf6 Nf4+ 44. gxf4 Rb3+ 45. Kg2 Kxg4 46. fxg5 Kxg5 47. Rf3 Rxf3 48. Kxf3 Nc3 49. Ke3 Kh4 50. Kd3 Na4 51. Kc4 Kh3 52. Kb4 Nb2 53. Kb3 Nd3 54. Kc3 Nc5 1/2-1/2

[Event "Labour Day op"]
[Site "Toronto CAN"]
[Date "2012.09.01"]
[Round "2"]
[White "Cummings, David"]
[Black "Krnan, Tomas"]
[Result "0-1"]
[WhiteElo "2439"]
[BlackElo "2545"]
[PlyCount "136"]
[GameId "2160767909445408"]
[EventDate "2012.09.01"]
[EventType "swiss"]
[EventRounds "6"]
[EventCountry "CAN"]
[SourceTitle "EXT 2022"]
[Source "ChessBase"]
[SourceDate "2021.10.06"]
[SourceVersion "1"]
[SourceVersionDate "2021.10.06"]
[SourceQuality "1"]

1. c4 g6 2. g3 Bg7 3. Bg2 d6 4. Nc3 Nf6 5. e4 c5 6. Nge2 Nc6 7. O-O O-O 8. d3 a6 9. a4 Ne8 10. Be3 Nc7 11. d4 cxd4 12. Nxd4 Bd7 13. f4 Rb8 14. h3 Ne6 15. Nb3 b6 16. Rf2 Nc5 17. Nd5 e6 18. Nc3 Nxb3 19. Qxb3 Na5 20. Qa2 Qc7 21. Bf1 Bxc3 22. bxc3 Qc6 23. Bd3 Rfc8 24. Rd2 e5 25. f5 Nb7 26. Qb1 Nc5 27. Bc2 f6 28. Rd5 Be8 29. fxg6 Bxg6 30. Bxc5 bxc5 31. Qf1 Kg7 32. Rad1 Rd8 33. Qf3 Rb2 34. Rf1 Rf8 35. Qd3 Qd7 36. Rxd6 Qxh3 37. Rd7+ Rf7 38. Rxf7+ Bxf7 39. Rf2 Ra2 40. Qf3 Ra1+ 41. Bd1 Qh6 42. Qg4+ Qg5 43. Kg2 Qxg4 44. Bxg4 Rxa4 45. Rb2 Bg6 46. Bf5 Rxc4 47. Ra2 Kh6 48. Bxg6 hxg6 49. Rxa6 Kg5 50. Rc6 Rxc3 51. Kf2 Rc2+ 52. Ke3 c4 53. Re6 Rc3+ 54. Kf2 Rd3 55. Rc6 c3 56. Kg2 Rd2+ 57. Kf3 Rd3+ 58. Kf2 Rd2+ 59. Kf3 c2 60. Ke3 Rh2 61. Kf3 f5 62. Rc5 fxe4+ 63. Kxe4 Kg4 64. Rc3 Re2+ 65. Kd3 Kf3 66. Kc4+ Kf2 67. g4 g5 68. Kd5 Ke1 0-1

[Event "Labour Day op"]
[Site "Toronto CAN"]
[Date "2012.09.01"]
[Round "2"]
[White "Inigo, Aquino"]
[Black "Bekefi, Laszlo"]
[Result "1/2-1/2"]
[WhiteElo "2180"]
[BlackElo "2364"]
[PlyCount "101"]
[GameId "2160767909445409"]
[EventDate "2012.09.01"]
[EventType "swiss"]
[EventRounds "6"]
[EventCountry "CAN"]
[SourceTitle "EXT 2022"]
[Source "ChessBase"]
[SourceDate "2021.10.06"]
[SourceVersion "1"]
[SourceVersionDate "2021.10.06"]
[SourceQuality "1"]

1. d4 Nf6 2. c4 c5 3. e3 e6 4. Nf3 d5 5. cxd5 exd5 6. dxc5 Bxc5 7. Be2 Nc6 8. O-O O-O 9. Nc3 a6 10. b3 Re8 11. Bb2 Be6 12. Na4 Bd6 13. Nd4 Ne4 14. Nxc6 bxc6 15. Rc1 Bd7 16. Bf3 Re6 17. Bxe4 Rxe4 18. Nc5 Bxc5 19. Rxc5 Qg5 20. Qf3 Qg6 21. Rfc1 h5 22. h3 Rae8 23. Kh2 h4 24. Kh1 R8e6 25. Rd1 Qg5 26. Ra5 Bc8 27. Rd4 Rxd4 28. Bxd4 Rg6 29. Kh2 Bf5 30. g4 hxg3+ 31. fxg3 Bd3 32. Qf4 Qxf4 33. exf4 Re6 34. Kg1 Re2 35. Rc5 Rxa2 36. Rxc6 Be4 37. g4 Rg2+ 38. Kf1 Rg3 39. Rc3 Bg2+ 40. Kf2 Rxc3 41. Bxc3 Bxh3 42. g5 Kh7 43. Ke3 Kg6 44. Ba5 Kf5 45. Bc7 Ke6 46. Kd4 f6 47. gxf6 gxf6 48. b4 Bg2 49. Bd8 Kf5 50. Bc7 Be4 51. Bd6 1/2-1/2

[Event "Labour Day op"]
[Site "Toronto CAN"]
[Date "2012.09.01"]
[Round "2"]
[White "Samsonkin, Artiom"]
[Black "Hambleton, Aman"]
[Result "1-0"]
[WhiteElo "2555"]
[BlackElo "2456"]
[PlyCount "155"]
[GameId "2160767909445410"]
[EventDate "2012.09.01"]
[EventType "swiss"]
[EventRounds "6"]
[EventCountry "CAN"]
[SourceTitle "EXT 2022"]
[Source "ChessBase"]
[SourceDate "2021.10.06"]
[SourceVersion "1"]
[SourceVersionDate "2021.10.06"]
[SourceQuality "1"]

1. e4 e6 2. d4 d5 3. Nd2 h6 4. Bd3 c5 5. Ngf3 Nf6 6. exd5 exd5 7. O-O c4 8. Re1+ Be7 9. Bf1 O-O 10. c3 Nc6 11. g3 Bd6 12. Bg2 Qc7 13. Nf1 Bf5 14. Ne3 Bh7 15. Nh4 Ne7 16. b3 cxb3 17. Qxb3 Rac8 18. Bb2 Rfd8 19. Bh3 Rb8 20. c4 dxc4 21. Nxc4 Ned5 22. Rac1 Bb4 23. Re5 Bf8 24. Nf5 Bxf5 25. Bxf5 a6 26. Bh3 b5 27. Ne3 Qd6 28. Bg2 Nxe3 29. fxe3 Ng4 30. Re4 Nf6 31. Rf4 Rbc8 32. Rxc8 Rxc8 33. e4 Qe6 34. e5 Qxb3 35. axb3 Rc2 36. Rf2 Rxf2 37. Kxf2 Ng4+ 38. Kg1 Ne3 39. Bb7 a5 40. Bc6 b4 41. Bf3 Be7 42. Kf2 Nc2 43. Be4 Na3 44. Bd3 Bd8 45. Ke3 Kf8 46. Ke4 Ke7 47. Kd5 Kd7 48. Kc5 Bg5 49. d5 Bd2 50. Kb6 Bc3 51. Bc1 Bxe5 52. Kxa5 Bc3 53. Bf4 g6 54. Kb6 Bd4+ 55. Kb7 Bc5 56. Ka6 Bd4 57. Ka5 Bc3 58. Bxh6 Kd6 59. Bf8+ Kxd5 60. Bxb4 Kd4 61. Ka4 Kxd3 62. Bxc3 Nc2 63. Bf6 Ne3 64. b4 Nd5 65. Ba1 g5 66. Kb5 f5 67. Kc5 Ne3 68. Be5 Ke4 69. Bd6 f4 70. gxf4 gxf4 71. b5 f3 72. Bg3 Nf1 73. Bh4 Nd2 74. b6 Nb3+ 75. Kc6 Na5+ 76. Kc7 Kf4 77. Bf2 Kg4 78. h4 1-0